Les portes de Paris sur une carte - Statistiques

Statistiques générales
  • Ce quiz a été pris 2 333 fois
  • Le résultat moyen est 18 sur 35
Réponses sur la Carte
Les réponses sont colorées sur une échelle allant du rouge au vert en fonction du pourcentage des utilisateurs qui les ont devinées à leur premier essai. Vous pouvez retrouver ces pourcentages ci-dessous.
 
Statistiques - réponses
Réponse % Correct
Porte de Vincennes
76%
Porte d’Italie
71%
Porte de Clichy
70%
Porte de Saint-Ouen
70%
Porte de Montreuil
69%
Porte d’Ivry
69%
Porte d’Orléans
69%
Porte de la Chapelle
66%
Porte de Bagnolet
65%
Porte de Pantin
65%
Porte de Clignancourt
64%
Porte d’Aubervilliers
63%
Porte de Vanves
63%
Porte des Lilas
62%
Porte Maillot
62%
Porte d’Auteuil
61%
Porte de Saint-Cloud
60%
Porte d’Issy
55%
Porte de la Villette
53%
Porte Dorée
53%
Quai d’Ivry
52%
Porte de Charenton
51%
Porte Dauphine
50%
Porte de Bercy
48%
Porte de Champerret
46%
Porte d’Asnières
45%
Porte de Gentilly
35%
Porte de Châtillon
32%
Porte de Passy
32%
Porte de Saint-Mandé
32%
Porte de Sèvres
32%
Porte du Pré-Saint-Gervais
29%
Porte de la Muette
27%
Porte de Molitor
19%
Porte de la Plaine
11%
Aucun quiz correspondant
Distribution des résultats
% des personnes avec chaque résultat
Percentile par nombre de réponses
Votre historique - résultats
Vous n’avez pas pris ce quiz